000 00795nam a2200289Ia 4500
005 20260324112652.0
008 008 260324s9999 xx 000 0 eng d
020 _a9781003517689
037 _aEBOOK
040 _aCRL
040 _beng
040 _cCRL
041 _2eng
041 _aeng
084 _qCRL
100 _aSamarendra Nath Sur; Agbotiname Lucky Imoize; Ankan Bhattacharya; Debdatta Kandar; Jyoti Sekhar Banerjee
_91143659
245 0 _aArtificial Intelligence for Wireless Communication Systems
245 0 _bTechnology and Applications
260 _bTaylor and Francis
260 _c2024
365 _a
365 _b260
856 _uhttp://www.taylorfrancis.com/books/9781003517689
942 _cEBOOK
999 _c1732950
_d1732950